000
00292nam a2200121Ia 4500
005
20251222141942.0
008
251222s9999||||xx |||||||||||||| ||spa||
082
_a
338.9/E88
100
_a
Espinoza Uriarte, Humberto
245
0
_a
Desarrollo y Planificación
264
_b
Edigraf
942
_c
LIB
999
_c
9387
_d
9387